000
00381nam a2200133Ia 4500
008
151001s9999||||xx |||||||||||||| ||und||
100
_a
सिंह गिल त्रिलोचन
245
_a
भारतीय स्वतंत्रता आंदोलन
250
_a
1
260
_b
गणपती
260
_c
2001
300
_a
160
365
_b
21
999
_c
978101
_d
978098